Random Cities on Europe Map - Statistics

General Stats
  • This quiz has been taken 387 times
  • The average score is 15 of 20
Answers on the Map
Answers color-coded by a green-red scale on the quiz's map according to % correct below.
 
Answer Stats
European City % Correct
Amsterdam
100%
Andorra la Vella
100%
Barcelona
100%
Belfast
100%
Bordeaux
100%
Brussels
100%
Bucharest
100%
Chisinau
100%
Copenhagen
100%
Dublin
100%
Edinburgh
100%
Florence
100%
Genoa
100%
Glasgow
100%
Hamburg
100%
Ibiza
100%
Liverpool
100%
Luxembourg
100%
Lviv
100%
Madrid
100%
Málaga
100%
Manchester
100%
Milan
100%
Minsk
100%
Naples
100%
Paris
100%
Podgorica
100%
Porto
100%
Pristina
100%
Riga
100%
Rome
100%
Rotterdam
100%
Sarajevo
100%
Skopje
100%
Stockholm
100%
Strasbourg
100%
Tallinn
100%
Thessaloniki
100%
Tirana
100%
Valencia
100%
Valletta
100%
Vienna
100%
Zagreb
100%
Athens
94%
Bergen
94%
Gibraltar
94%
Newcastle
94%
Nice
93%
Bern
92%
Birmingham
92%
Lisbon
92%
London
92%
Malmö
92%
Münich
92%
Sofia
92%
Split
92%
St Petersburg
92%
Zürich
92%
Kraków
91%
Venice
91%
Warsaw
91%
Basel
90%
Berlin
90%
Budapest
90%
Cardiff
90%
Gdańsk
90%
Ljubljana
90%
Prague
90%
Bilbao
89%
Cork
89%
Kaliningrad
89%
Moscow
89%
Frankfurt
88%
Gothenburg
88%
Istanbul
88%
Marseille
88%
Plymouth
88%
Zaragoza
88%
Belgrade
87%
Leeds
87%
Bremen
86%
Cologne
86%
Lyon
86%
Palermo
86%
Reykjavik
86%
Trieste
86%
Salzburg
85%
Varna
85%
Novi Sad
83%
Oslo
83%
Turin
83%
Kyiv
82%
Leipzig
82%
Bari
80%
Cagliari
80%
Helsinki
80%
Heraklion
80%
Nuremberg
80%
Vilnius
80%
Rostov-on-Don
79%
Nantes
78%
Donetsk
77%
Antwerp
75%
Bratislava
75%
Geneva
75%
Limerick
75%
Montpellier
75%
Umeå
75%
Wrocław
75%
Innsbruck
73%
Volgograd
73%
Aberdeen
71%
Ghent
71%
Graz
71%
Seville
71%
Faro
70%
Nizhny Novgorod
70%
Sevastopol
70%
Toulouse
70%
Catania
69%
Düsseldorf
69%
Samara
69%
Southampton
69%
Aarhus
67%
A Coruña
67%
Inverness
67%
Kaunas
67%
Londonderry
67%
Palma
67%
Trondheim
67%
Turku
67%
Bologna
65%
Brighton
64%
Dubrovnik
64%
Granada
64%
Kharkiv
64%
Mostar
64%
Poznań
64%
Brest
63%
Murmansk
63%
Odessa
63%
Stuttgart
63%
Dresden
60%
Hanover
60%
Linz
60%
Tampere
60%
Ajaccio
57%
Brno
57%
Banja Luka
56%
Košice
56%
Łódź
56%
Plovdiv
56%
Grozny
55%
Oulu
55%
Rennes
55%
Corfu
54%
Essen
54%
Lille
53%
Aalborg
50%
Dortmund
50%
Galway
50%
Katowice
50%
Lugano
50%
Verona
50%
Longyearbyen
46%
Cluj-Napoca
45%
Kazan
45%
Eindhoven
44%
Szczecin
44%
Ostrava
43%
Tours
40%
Alicante
36%
Perm
33%
Tórshavn
33%
Ufa
33%
Dnipro
31%
Voronezh
31%
Saratov
30%
Timisoara
30%
Atyrau
25%
Krasnodar
17%
Zadar
17%
Ponta Delgada
0%
Uralsk
0%
No matching quizzes found
Score Distribution
Percent of People with Each Score
Percentile by Number Answered
Your Score History
You have not taken this quiz